| 000 | 00413nam a2200157Ia 4500 | ||
|---|---|---|---|
| 008 | 151213s9999 xx 000 0 und d | ||
| 100 | _aJastice M. N. Rao | ||
| 245 |
_aN. S. The General Clause Act ( Control and States) _cJastice M. N. Rao |
||
| 250 | _a10th | ||
| 260 |
_aNew Delhi _bLaxis Nexis _c2002 |
||
| 300 | _a3672 p. | ||
| 650 | _aLaw | ||
| 650 | _aLaw | ||
| 700 | _aJastice M. N. Rao | ||
| 999 |
_c2447 _d2447 |
||